Statistiken für Manchester United Kader 23/24

Klicken Sie hier um das Quiz zu spielen!

Allgemein

  • Dieses Quiz wurde 64 mal gespielt
  • Das Durchschnittsergebnis liegt bei 18 aus 27

Antwortstatistiken

Trikot Nr.NationSpieler% Korrekt
24KamerunOnana
98%
14DänemarkEriksen
90%
8PortugalFernandes
90%
10EnglandRashford
90%
11DänemarkHøjlund
88%
9FrankreichMartial
88%
6ArgentinienMartinez
86%
19FrankreichVarane
86%
5EnglandMaguire
84%
21BrasilienAntony
78%
17ArgentinienGarnacho
78%
2SchwedenLindelöf
78%
4MarokkoAmrabat
76%
39SchottlandMcTominay
76%
18BrasilienCasemiro
74%
23EnglandShaw
72%
20PortugalDalot
64%
29EnglandWan-Bissaka
60%
35NordirlandEvans
52%
7EnglandMount
52%
37EnglandMainoo
50%
12NiederlandeMalacia
48%
1TürkeiBayindir
40%
16ElfenbeinküsteDiallo
38%
22EnglandHeaton
30%
53FrankreichKambwala
16%
47EnglandShoretire
12%

Verteilung der Resultate

Perzentil nach korrekt beantworteten Fragen

Anzahl Personen mit jedem Resultat

Ihre Resultats-Entwicklung

Sie haben dieses Quiz noch nicht gespielt